| 000 | 00506nam a22001697a 4500 | ||
|---|---|---|---|
| 005 | 20250605134058.0 | ||
| 008 | 250605b |||||||| |||| 00| 0 eng d | ||
| 020 | _a0072843063 | ||
| 050 | _aHD 62.4.K6575 KON | ||
| 100 | _aKONOPASKE ROBERT | ||
| 245 |
_aGLOBAL MANAGEMENT AND ORGANISATION BEHAVIOUR _bTEXT,READINGS,CASES AND EXERCISES |
||
| 260 |
_aBOSTON _bMcGRAW HILL _c2004 |
||
| 300 | _aXV,435p.,ILLUS.,TABLES,GRAPHS | ||
| 500 | _aGLOSSARY,INDEX | ||
| 700 | _aIVANCEVICH JOHN M. | ||
| 942 |
_2lcc _cBK _n0 |
||
| 999 |
_c6312 _d6312 |
||